NLSUI OPAC header image

The Indian struggle 1920 - 1942 Subash Chandra Bose (Record no. 13031)

MARC details
000 -LEADER
fixed length control field 00445nam a2200157Ia 4500
008 - FIXED-LENGTH DATA ELEMENTS--GENERAL INFORMATION
fixed length control field 160316s1997 xxu||||| |||| 00| 0 eng d
082 ## - DEWEY DECIMAL CLASSIFICATION NUMBER
Classification number 923.200000
Item number BOS
100 ## - MAIN ENTRY--PERSONAL NAME
Personal name Bose Sisir K
245 ## - TITLE STATEMENT
Title The Indian struggle 1920 - 1942 Subash Chandra Bose
250 ## - EDITION STATEMENT
Edition statement 3rd
260 ## - PUBLICATION, DISTRIBUTION, ETC.
Place of publication, distribution, etc. Delhi
Name of publisher, distributor, etc. Oxford University Press
Date of publication, distribution, etc. 1997
300 ## - PHYSICAL DESCRIPTION
Extent 418p
Other physical details 418p*
Dimensions
365 ## - TRADE PRICE
Price amount 250/-*
650 ## - SUBJECT ADDED ENTRY--TOPICAL TERM
Topical term or geographic name entry element 1.Subash Chandra Bose - Biography<br/>
700 ## - ADDED ENTRY--PERSONAL NAME
Personal name Bose Sugata
--
Holdings
Withdrawn status Lost status Damaged status Not for loan Home library Current library Shelving location Date acquired Cost, normal purchase price Total Checkouts Full call number Barcode Date last seen Price effective from Koha item type
        . .   30.05.2017 250.00   923.2 BOS 13386 30.05.2017 30.05.2017 BOOKs